NFL Team Most Receptions in a Game - Statistics

General Stats
  • This quiz has been taken 30 times
  • The average score is 14 of 43
Answer Stats
Team Recs. Player % Correct
PIT 17 Antonio Brown
78%
LVR 14 Tim Brown
78%
NEP 16 Troy Brown
78%
NOS 16 Michael Thomas
74%
BAL 13 Steve Smith Sr.
74%
HOU 14 Andre Johnson
70%
DET 14 Calvin Johnson
70%
SFF 20 Terrell Owens
63%
GBP 14 Davante Adams
59%
IND 15 Reggie Wayne
52%
NEP 16 Wes Welker
52%
BUF 15 Andre Reed
48%
CIN 15 Ja'Marr Chase
48%
DAL 18 Jason Witten
48%
LAC 18 Keenan Allen
48%
DEN 21 Brandon Marshall
44%
KAN 14 Tony Gonzalez
41%
DET 14 Herman Moore
37%
SEA 15 Steve Largent
37%
TBB 15 Chris Godwin
33%
SEA 15 Tyler Lockett
33%
GBP 14 Don Hutson
30%
ATL 15 William Andrews
30%
CLE 14 Josh Gordon
26%
CLE 14 Ozzie Newsome
22%
CAR 15 Christian McCaffrey
19%
JAX 16 Keenan McCardell
19%
MIA 15 Chris Chambers
15%
BAL 13 Priest Holmes
11%
HOU 14 Will Fuller
11%
PHI 15 Zach Ertz
11%
TEN 13 Charlie Hennigan
7%
TEN 13 Drew Bennett
7%
NYG 14 Saquon Barkley
7%
LAR 18 Tom Fears
7%
LVR 14 Brandon Myers
4%
NYJ 17 Clark Gaines
4%
TEN 13 Haywood Jeffires
4%
CHI 14 Jim Keane
4%
MIN 15 Rickey Young
4%
WAS 14 Roy Helu
4%
TEN 13 Sid Blanks
4%
ARI 16 Sonny Randle
4%
No matching quizzes found
Score Distribution
Percent of People with Each Score
Percentile by Number Answered
Your Score History
You have not taken this quiz